00360pab a2200121 454500008004000000100002300040245007900063260000900142300001100151362000900162650001900171773004800190180718b1991 xxu||||| |||| 00| 0 eng d aSchram, Sanford F. aWelfare spending and povertybCutting back produces more poverty, not less c1991 a129-42 aApr. aPublic Welfare aAmerican Journal of Economics and Sociology